书目信息 |
| 题名: |
国内科技文献检索工具书简介
|
|
| 作者: | ;中国科学技术情报研究所 编辑 | |
| 分册: | ||
| 出版信息: | 北京 科学技术文献出版社 1982 |
|
| 页数: | 86页 | |
| 开本: | 25cm | |
| 丛书名: | ||
| 单 册: | ||
| 中图分类: | G252.7 , G354.2 | |
| 科图分类: | ||
| 主题词: | 科学技术-情报检索-工具书--简介--中国 , 情报检索-科学技术-工具书--简介--中国 , 工具书-情报检索-科学技术--简介--中国 | |
| 电子资源: | ||
| ISBN: | ||
| 000 | 00887nam0 2200277 45 | |
| 001 | 0182003247 | |
| 005 | 20040430150830.6 | |
| 010 | @dCNY1.35 | |
| 091 | @a17176.321 | |
| 100 | @a19950621d1982 em y0chiy0121 ea | |
| 101 | 0 | @achi |
| 102 | @aCN@b110000 | |
| 105 | @ay z 000yy | |
| 106 | @ar | |
| 200 | 10 | @a国内科技文献检索工具书简介@Aguo nei ke ji wen xian jian suo gong ju shu jian jie@f中国科学技术情报研究所编辑 |
| 210 | @a北京@c科学技术文献出版社@d1982 | |
| 215 | @a86页@d25cm | |
| 606 | @a科学技术-情报检索-工具书@x简介@y中国 | |
| 606 | @a情报检索-科学技术-工具书@x简介@y中国 | |
| 606 | @a工具书-情报检索-科学技术@x简介@y中国 | |
| 690 | @aG252.7@v3 | |
| 690 | @aG354.2 | |
| 711 | 02 | @a中国科学技术情报研究所@Azhong guo ke xue ji shu qing bao yan jiu suo@4编辑 |
| 801 | 0 | @aCN@b上海图书馆@c20040430 |
| 801 | 2 | @aCN@bNLC@c20040430 |
| 905 | @f1@b170565@dG354.2@e32 | |
| 国内科技文献检索工具书简介/中国科学技术情报研究所编辑.-北京:科学技术文献出版社,1982 |
| 86页;25cm |
| ISBN :CNY1.35 |
| ● |
| 相关链接 |
|
|
|
|
正题名:国内科技文献检索工具书简介
索取号:G354.2/32
 
预约/预借
| 序号 | 登录号 | 条形码 | 馆藏地/架位号 | 状态 | 备注 |
| 1 | 0170565 | 000308731 | 密集书库/ [索取号:G354.2/32] | 在馆 | |
| 2 | 0170566 | 000308740 | 第一样本阅览室/ [索取号:G354.2/32] | 在馆 |